00537nam a2200193Ia 450000500170000000800410001702000230005804000190008104100120010008200160011210000300012824500550015825000170021326000380023030000150026865000360028365100140031985000100033320230317095416.0131103s9999 xx 000 0 und d a8186213618cRs.300 aLoreto College aEnglish a891.44bROQ aHossain, Roquiah Sakhawat aRoquiah rachana sangrahacRoquiah Sakhawat Hossain a2nd ill. ed. aCalcuttabViswakos Parishadc2006 axxii,703p  aBengali Literature - collection aBiography aLCLIB